000 00578nam a2200193Ia 4500
005 20260415160336.0
008 008 250505s9999 xx 000 0 eng d
037 _aTextual
040 _aFEDL
_beng
_cFEDL
041 _aeng
_2eng
084 _a371.36 KIL
_qFEDL
100 _aKilpatrick William H
_9755770
245 0 _aHow we learn : Talks on the project method
260 _aCalcutta, India
_bYMCA Publishing House
_c1933
300 _a107p.
490 _aThe education of India
942 _cTEXL
_h371.36 KIL
999 _c1321890
_d1321890